| 000 | 00835nam a22002297a 4500 | ||
|---|---|---|---|
| 999 |
_c6475 _d6475 |
||
| 003 | AR-CdUCM | ||
| 008 | 190318b ||||| |||| 00| 0 spa d | ||
| 040 |
_aMUNICIPALIDAD PROVINCIAL DEL CUSCO _cBIBLIOTECA MUNICIPAL DEL CUSCO |
||
| 082 |
_a498.515 / _bME4 |
||
| 100 |
_aCusihuaman G, Antonio _918323 |
||
| 245 |
_aGramática quechua : _bCuzco collao / |
||
| 260 |
_aLima : _bIEP, _c1976. |
||
| 300 |
_a307 paginas ; _c20 cm, |
||
| 440 |
_aMinisterio de educación _915645 |
||
| 505 | _aContenido : Prologo -- Introducción fonología -- Nociones generales de la gramática quechua -- Estructura de la oración ... | ||
| 650 |
_aGramática quechua _918356 |
||
| 650 |
_aLa lengua quechua _918357 |
||
| 650 |
_aCuzco collao _918324 |
||
| 710 |
_aMinisterio de educación _97870 |
||
| 942 |
_2ddc _cLIBROS |
||
| 945 |
_apjha _d2019-05-03 |
||